| 000 | 01037nam a22003017a 4500 | ||
|---|---|---|---|
| 003 | CHAP | ||
| 005 | 20220329143838.0 | ||
| 008 | 111215s1997 mx a r 00010 spa d | ||
| 010 | _a102698 | ||
| 011 | _a103670 | ||
| 020 | _a9686963804 | ||
| 035 | _a114359 | ||
| 040 | _cCHAP | ||
| 082 | 0 | 4 |
_a917.2097249 _bEs88 |
| 245 | 0 | 3 |
_aEl Estado de Morelos _c/editado por Francisco Estebanez |
| 260 |
_aMéxico, D.F. : _bReproducciones Fotomecánicas, _c1997 |
||
| 300 |
_a158 p. : _bilus. _e+ 1 mapa |
||
| 590 |
_aBATCH-UPD _b10 _c20130110 _lUCH01 _h1944 |
||
| 590 |
_aBATCH-UPD _b10 _c20130410 _lUCH01 _h1306 |
||
| 590 |
_aBATCH-UPD _b10 _c20130914 _lUCH01 _h1331 |
||
| 590 |
_aCONVERSION _b10 _c20130109 _lUCH01 _h1357 |
||
| 650 | 1 | 4 |
_aMorelos _xDescripción y viaje. _978529 |
| 700 | 1 |
_aEstebanez, Francisco _e, ed. _938285 |
|
| 901 | _aBK | ||
| 942 | _cLIBRO | ||
| 949 |
_a917.2097249 Es88 _bBC _cLIBRO _d33724002318355 _eLIBRO _gDonaciØn _h116198 _i114359 _sb |
||
| 949 |
_a917.2097249 Es88 _bBC _cLIBRO _d33724002335991 _eLIBRO _fc.2 _h116702 _i114359 _sb |
||
| 999 |
_c102698 _d102698 |
||